Every My Chemical Romance Song (HARD) - Statistics

General Stats
  • This quiz has been taken 239 times
    202 since last reset
  • The average score is 37 of 83
Answer Stats
Hint Answer % Correct
Revenge Helena
85%
Bullets Romance
77%
Vampires Will Never Hurt You
73%
You Know What They Do To Guys Like Us In Prison
71%
Demolition Lovers
70%
Honey, This Mirror Isn't Big Enough For The Two Of Us
69%
Cubicles
68%
Give 'Em Hell, Kid
68%
Our Lady Of Sorrows
68%
To The End
68%
Skylines And Turnstiles
66%
Cemetery Drive
64%
Headfirst For Halos
64%
Interlude
64%
Hang Em' High
63%
Early Sunsets Over Monroeville
62%
The Ghost Of You
62%
The Jetset Life Is Gonna Kill You
60%
This Is The Best Day Ever
60%
Drowning Lessons
59%
Blood
58%
I'm Not Okay
57%
Welcome To The Black Parade
57%
Dead!
55%
I Never Told You What I Do For A Living
55%
It's Not A Fashion Statement, It's A Deathwish
53%
Mama
53%
Black Parade The End
53%
Disenchanted
52%
House Of Wolves
52%
SING
52%
The Sharpest Lives
52%
Cancer
51%
Famous Last Words
49%
I Don't Love You
49%
S/C/A/R/E/C/R/O/W
49%
Teenagers
49%
Bulletproof Heart
47%
Sleep
47%
The Light Behind Your Eyes
46%
This Is How I Disappear
46%
Vampire Money
46%
Planetary (GO!)
45%
Summertime
44%
AMBULANCE
43%
DESTROYA
43%
Gun.
43%
Party Poison
43%
Danger Days Look Alive, Sunshine
42%
The Kids From Yesterday
42%
Conventional Weapons Boy Division
39%
Kill All Your Friends
39%
Na Na Na (Na Na Na Na Na Na Na Na Na)
38%
Save Yourself, I'll Hold Them Back
38%
The World Is Ugly
38%
Desolation Row
37%
Make Room!!!!
36%
The Only Hope For Me Is You
36%
Goodnite, Dr Death
34%
Kiss The Ring
33%
Burn Bright
32%
Desert Song
32%
Under Pressure
31%
Bury Me In Black
30%
Heaven Help Us
30%
Surrender The Night
30%
Fake Your Death
29%
Jet-Star And The Kobra Kid/Traffic Report
29%
Tomorrow's Money
29%
Zero Percent
28%
Danger Days Extras We Don't Need Another Song About California
27%
Every Snowflake Is Different
25%
F.T.W.W.W
25%
My Way Home Is Through You
25%
All I Want For Christmas Is You
23%
Astro Zombies
23%
Black Dragon Fighting Society
21%
Mastas Of Ravenkroft
19%
Other/Covers Common People
18%
Song 2
12%
Other/Covers Jack The Ripper
11%
Sister To Sleep
10%
Thank You For The Venon
3%
No matching quizzes found
Score Distribution
Percent of People with Each Score
Percentile by Number Answered
Your Score History
You have not taken this quiz since the last reset